| 000 | 01640cam a22002294a 4500 | ||
|---|---|---|---|
| 005 | 20250605164104.0 | ||
| 008 | 250528s ||||||||||||||||||||||||d | ||
| 035 | _a17649 | ||
| 020 | _a9780080966526 | ||
| 040 |
_aGR-AtMCL _bgre _dGR-AtMCL _eAACR2 |
||
| 245 | 1 | _aManual of Engineering Drawing / Technical Product Specification and Documentation to British and International Standards: Fourth Edition | |
| 250 | _a4th | ||
| 260 |
_bElsevier - Butterworth Heinemann, _c2012 |
||
| 300 | _a370 | ||
| 520 | _aAn ideal companion for students studying vocational courses in technical product specification, undergraduates studying engineering or product design, and professional engineers beginning a career in design. Preface, Acknowledgements, Drawing Office Management and Organization, Product Development and Computer Aided Design, Design for Manufacture to End of Life, Intellectual Property and Engineering Design, CAD Organization and Applications, Principles of First and Third Angle Orthographic Projection, Linework and Lettering, Three- Dimensional Illustrations Using Isometric and Oblique Projection, Drawing Layouts and Simplified Methods, Sections and Sectional Views, Geometrical Constructions and Tangency, Loci Applications, True Lengths and Auxiliary Views, Keys and Key Ways, Limits and Fits, Positional Tolerancing, Surface Texture, Cams and Gears, Springs, Engineering Diagrams, Related Standards, Production Drawings, Drawing Solutions, Index. | ||
| 700 | 1 |
_aMaguire Dennis E (Late) _93833 |
|
| 700 | 1 |
_aPhelps Neil _93834 |
|
| 700 | 1 |
_aSimmons Colin H _93835 |
|
| 942 | _cBK | ||
| 999 |
_c3051 _d3051 |
||